| 000 | 00000nam##2200000za#4500 |
| 001 | 9.607709 |
| 003 | CaOODSP |
| 005 | 20210624213248 |
| 007 | cr ||||||||||| |
| 008 | 150406|1999||||xxc|||||o f|0| 0 fre|d |
| 040 | |aCaOODSP|bfre |
| 043 | |an-cn--- |
| 086 | 1 |aNH18-22/99-117F-PDF |
| 110 | 2 |aSociété canadienne d'hypothèques et de logement. |
| 245 | 10|aAssèchement des murs et analyse paramétrique du parement de stucco ventilé / |h[ressource électronique] |
| 260 | |aOttawa - Ontario : |bSociété canadienne d'hypothèques et de logement |c[1999]. |
| 300 | |a4p.|bfigures |
| 490 | 1 |aLe point en recherche et développement; série technique|v99-117 |
| 500 | |aFichier reproduit à partir de l'original imprimé. |
| 590 | |a14-16-Supp|b2014-09-25 |
| 775 | 08|tDrying of walls with ventilated stucco cladding parametric analysis |w(CaOODSP)9.580766 |
| 776 | 0#|tAssèchement des murs et analyse paramétrique du parement de stucco ventilé |w(CaOODSP)9.625634 |
| 830 | #0|aLe point en recherche et développement; série technique ;|v99-117|w(CaOODSP)9.500900 |
| 856 | 40|ahttp://publications.gc.ca|qPDF|s1372 Ko|uhttps://publications.gc.ca/collections/collection_2014/schl-cmhc/NH18-22-99-117-fra.pdf|y99-117 |